| 000 | 00482nam a22001817a 4500 | ||
|---|---|---|---|
| 003 | NUST - PNEC | ||
| 005 | 20170116181139.0 | ||
| 008 | 151007b xxu||||| |||| 00| 0 eng d | ||
| 020 | _a0324233647 | ||
| 040 | _cLIBRARY | ||
| 082 | _a808.06665 GUF | ||
| 100 |
_914526 _aGuffey, Mary Ellen |
||
| 245 |
_aEssentials of business communication _cMary Ellen Guffey |
||
| 250 | _a6th ed. | ||
| 260 | _cc.2004 | ||
| 650 |
_914527 _aBusiness communication _xGeneral |
||
| 942 |
_2ddc _cBK |
||
| 999 |
_c70408 _d70408 |
||